Städteraten - Welt (mit Bild) - Statistiken

Allgemein
  • Dieses Quiz wurde 146 mal gespielt
  • Das Durchschnittsergebnis liegt bei 11 aus 16
Antwortstatistiken
Bildquiz Antwort % Korrekt
Paris
100%
London
99%
New York
99%
Moskau
96%
Berlin
92%
Rom
89%
Rio de Janeiro
88%
Tokyo
83%
Peking
79%
Istanbul
76%
Bangkok
46%
Florenz
43%
Madrid
43%
Wien
34%
Sankt Petersburg
29%
Kyoto
21%
Keine übereinstimmenden Quizze gefunden
Verteilung der Resultate
Anzahl Personen mit jedem Resultat
Perzentil nach korrekt beantworteten Fragen
Ihre Resultats-Entwicklung
Sie haben dieses Quiz noch nicht gespielt